Provozování pojišťovací činnosti pojišťovnami z jiných členských států na území ČR
Realizácia poisťovacej činnosti poisťovňou z iného členského štátu. Zamestnanie vlastného zamestnanca poisťovňou v hostiteľskej krajine. Rozlíšenie medzi slobodou usadenia a slobodou dočasného poskytovania služieb.
Salvato in:
| Autore principale: | |
|---|---|
| Natura: | Capitolo di libro |
| Lingua: | ceco |
| Soggetti: | |
| Tags: |
Nessun Tag, puoi essere il primo ad aggiungerne!!
|
MARC
| LEADER | 00000naa$a2200000$$$4500 | ||
|---|---|---|---|
| 001 | 0053496 | ||
| 005 | 20230927103143.8 | ||
| 041 | 0 | |a cze | |
| 044 | |a CZ | ||
| 245 | 1 | 0 | |a Provozování pojišťovací činnosti pojišťovnami z jiných členských států na území ČR |c Pavel Němeček |
| 520 | |a Realizácia poisťovacej činnosti poisťovňou z iného členského štátu. Zamestnanie vlastného zamestnanca poisťovňou v hostiteľskej krajine. Rozlíšenie medzi slobodou usadenia a slobodou dočasného poskytovania služieb. | ||
| 610 | 2 | 0 | |a Česko |
| 610 | 2 | 0 | |a Európska únia |
| 610 | 2 | 0 | |a poisťovne |
| 610 | 2 | 0 | |a poistenie |
| 610 | 2 | 0 | |a služby |
| 100 | 1 | |a Němeček, Pavel | |